<?xml version="1.0" encoding="UTF-8"?>
<record
    xmlns:xsi="http://www.w3.org/2001/XMLSchema-instance"
    xsi:schemaLocation="http://www.loc.gov/MARC21/slim http://www.loc.gov/standards/marcxml/schema/MARC21slim.xsd"
    xmlns="http://www.loc.gov/MARC21/slim">

  <leader>01647namaa22003371i 4500</leader>
  <controlfield tag="005">20260423102544.0</controlfield>
  <controlfield tag="008">260423s1995    ua a|||frm||| 000 0 eng d</controlfield>
  <datafield tag="040" ind1=" " ind2=" ">
    <subfield code="a">EG-GICUC</subfield>
    <subfield code="b">eng</subfield>
    <subfield code="c">EG-GICUC</subfield>
    <subfield code="d">EG-GICUC</subfield>
    <subfield code="e">rda</subfield>
  </datafield>
  <datafield tag="041" ind1="0" ind2=" ">
    <subfield code="a">eng</subfield>
    <subfield code="b">eng</subfield>
    <subfield code="b">ara</subfield>
  </datafield>
  <datafield tag="049" ind1=" " ind2=" ">
    <subfield code="a">Deposite</subfield>
  </datafield>
  <datafield tag="097" ind1=" " ind2=" ">
    <subfield code="a">Ph.D</subfield>
  </datafield>
  <datafield tag="099" ind1=" " ind2=" ">
    <subfield code="a">Cai01.11.01.PhD.1995.Sh.E.</subfield>
  </datafield>
  <datafield tag="100" ind1="0" ind2=" ">
    <subfield code="a">Shereen Moustafa Amin,</subfield>
    <subfield code="e">preparation.</subfield>
  </datafield>
  <datafield tag="245" ind1="1" ind2="0">
    <subfield code="a">Effect Of Almitrine Versus Doxapram On Postoperative Pulmonary Complications In High Risk Patients / </subfield>
    <subfield code="c">By Shereen Moustafa Amin; Suervised By Prof.Dr. Salah EL-Khateeb, Prof.Dr. Fawzeya Abu EL-Fetouh, Prof.Dr. Mouhammed K. EL Sourougi, Prof.Dr. Ashraf M. Hatem.</subfield>
  </datafield>
  <datafield tag="246" ind1="1" ind2="5">
    <subfield code="a">&#x62A;&#x623;&#x62B;&#x64A;&#x631; &#x639;&#x642;&#x627;&#x631; &#x627;&#x644;&#x627;&#x644;&#x645;&#x62A;&#x631;&#x64A;&#x646; &#x648;&#x645;&#x642;&#x627;&#x631;&#x646;&#x62A;&#x647; &#x628;&#x639;&#x642;&#x627;&#x631; &#x627;&#x644;&#x62F;&#x648;&#x643;&#x633;&#x627;&#x628;&#x631;&#x627;&#x645; &#x639;&#x644;&#x649; &#x627;&#x644;&#x645;&#x636;&#x627;&#x639;&#x641;&#x627;&#x62A; &#x627;&#x644;&#x631;&#x626;&#x648;&#x64A;&#x629; &#x628;&#x639;&#x62F; &#x627;&#x644;&#x639;&#x645;&#x644;&#x64A;&#x627;&#x62A; &#x627;&#x644;&#x62C;&#x631;&#x627;&#x62D;&#x64A;&#x629; &#x644;&#x644;&#x645;&#x631;&#x636;&#x649; &#x630;&#x648;&#x64A; &#x627;&#x644;&#x62E;&#x637;&#x648;&#x631;&#x629; &#x627;&#x644;&#x639;&#x627;&#x644;&#x64A;&#x647; /</subfield>
  </datafield>
  <datafield tag="264" ind1=" " ind2="0">
    <subfield code="c">1995.</subfield>
  </datafield>
  <datafield tag="300" ind1=" " ind2=" ">
    <subfield code="a">220 pages : </subfield>
    <subfield code="b">illustrations ;</subfield>
    <subfield code="c">30 cm. + </subfield>
  </datafield>
  <datafield tag="336" ind1=" " ind2=" ">
    <subfield code="2">rda content</subfield>
    <subfield code="a">text</subfield>
  </datafield>
  <datafield tag="337" ind1=" " ind2=" ">
    <subfield code="2">rdamedia</subfield>
    <subfield code="a">Unmediated</subfield>
  </datafield>
  <datafield tag="338" ind1=" " ind2=" ">
    <subfield code="2">rdacarrier</subfield>
    <subfield code="a">volume</subfield>
  </datafield>
  <datafield tag="502" ind1=" " ind2=" ">
    <subfield code="a">Thesis (Ph.D)-Cairo University, 1995.</subfield>
  </datafield>
  <datafield tag="504" ind1=" " ind2=" ">
    <subfield code="a">Bibliography: pages 201-220. </subfield>
  </datafield>
  <datafield tag="653" ind1=" " ind2="0">
    <subfield code="a">Anaesthesia</subfield>
  </datafield>
  <datafield tag="700" ind1="0" ind2=" ">
    <subfield code="a">Salah EL-Khatee</subfield>
    <subfield code="e">thesis advisor.</subfield>
  </datafield>
  <datafield tag="700" ind1="0" ind2=" ">
    <subfield code="a">Fawzeya Abu EL-Fetouh</subfield>
    <subfield code="e">thesis advisor.</subfield>
  </datafield>
  <datafield tag="700" ind1="0" ind2=" ">
    <subfield code="a">Mouhammed K. EL Sourougi</subfield>
    <subfield code="e">thesis advisor.</subfield>
  </datafield>
  <datafield tag="700" ind1="0" ind2=" ">
    <subfield code="a">Ashraf M. Hatem</subfield>
    <subfield code="e">thesis advisor.</subfield>
  </datafield>
  <datafield tag="900" ind1=" " ind2=" ">
    <subfield code="D">Department of Anaesthesiology </subfield>
    <subfield code="F">Faculty of Medicine </subfield>
    <subfield code="U">Cairo University</subfield>
    <subfield code="b">1995</subfield>
    <subfield code="c">Salah EL-Khatee</subfield>
    <subfield code="c">Fawzeya Abu EL-Fetouh</subfield>
    <subfield code="c">Mouhammed K. EL Sourougi</subfield>
    <subfield code="c">Ashraf M. Hatem</subfield>
  </datafield>
  <datafield tag="905" ind1=" " ind2=" ">
    <subfield code="a">Eman El gebaly </subfield>
  </datafield>
  <datafield tag="942" ind1=" " ind2=" ">
    <subfield code="2">ddc</subfield>
    <subfield code="c">TH</subfield>
    <subfield code="e">21</subfield>
    <subfield code="n">0</subfield>
  </datafield>
  <datafield tag="999" ind1=" " ind2=" ">
    <subfield code="c">179690</subfield>
  </datafield>
  <datafield tag="952" ind1=" " ind2=" ">
    <subfield code="2">ddc</subfield>
    <subfield code="9">317085</subfield>
    <subfield code="a">CUCL</subfield>
    <subfield code="b">100</subfield>
    <subfield code="d">2026-04-23</subfield>
    <subfield code="i">26917</subfield>
    <subfield code="o">Cai01.11.01.PhD.1995.Sh.E.</subfield>
    <subfield code="p">01010110026917000</subfield>
    <subfield code="r">2026-04-23 10:26:18</subfield>
    <subfield code="w">2026-04-23</subfield>
    <subfield code="y">TH</subfield>
  </datafield>
</record>
